01565nam a2200289 a 450000100100000000500170001000800410002702000180006804000250008608200210011110000270013224501480015926000400030730000250034750500820037259000270045470000370048170000440051870000340056295201120059695201120070895201070082095201120092795201070103995201120114699900170125800004815820201002060946.0181204s2012 dr a 000 0 spa d a9789945116564 aDO-SdBNPbspacBNPHU axxxxbC352c, 3ro1 aCastillo, Abel,97562210aCívica 3 :beducación básica /cAbel Castillo, Fanny Capellán Almonte; editora Margarita Castro Catrain; ilustración Ruddy Núñez. aSanto Domingo :bSantillana,c2012. a2v. :bil., ;c28cm.0 gv.1.tLibro texto--gv.2.tEdición anotada, para el profesor y la profesora aInventariado, 2018/MFF1 aCapellán Almonte, Fanny9297661 aCastro Castrain, Margarita,eed.9756081 aNúñez, Ruddy,eil.923171 0010718PDaGRbGRcHDd2018-12-04iLF1l0ov.1, e.3p48158-30r2020-06-25w2020-06-25yLFPDZNo se presta 0010718PDaGRbGRcHDd2018-12-04iLF1l0ov.2, e.3p48158-60r2020-06-25w2020-06-25yLFPDZNo se presta 0010718PDaPDbPDcHDd2018-12-04iLF1l0ov.1p48158-10r2020-06-25w2020-06-25yLFPDZNo se presta 0010718PDaPDbPDcHDd2018-12-04iLF1l0ov.1, e.2p48158-20r2020-06-25w2020-06-25yLFPDZNo se presta 0010718PDaPDbPDcHDd2018-12-04iLF1l0ov.2p48158-40r2020-06-25w2020-06-25yLFPDZNo se presta 0010718PDaPDbPDcHDd2018-12-04iLF1l0ov.2, e.2p48158-50r2020-06-25w2020-06-25yLFPDZNo se presta c47646d47646